| 000 | 01633cad a22002415a 4500 | ||
|---|---|---|---|
| 001 | E146828 | ||
| 008 | 090303s2009 xxkd f s 000 0 eng d | ||
| 035 | _a(Sirsi) u146828 | ||
| 041 | 0 | _aeng | |
| 050 | 0 | 4 | _a338.47624 $2 18 |
| 110 | 2 |
_aRoyal Institution of Chartered Surveyors _bEconomics _95033 |
|
| 245 | 0 | 0 |
_aRICS construction market survey United Kingdom _bfourth quarter 2008 _h[electronic resource] |
| 260 |
_aLondon _bRICS _c2009 |
||
| 490 | 0 |
_aRICS Construction Market Survey United Kingdom _vFourth Quarter 2008 |
|
| 520 | _aReports that total construction workloads declined for the third quarter in a row with the net balance falling to the lowest level in the survey's history, with 47% more Chartered Surveyors reporting a fall than a rise. Private housing workloads remained the weakest category with 66% more Surveyors reporting a fall than a rise over the period. The picture for public sector housing was slightly better but the latest reading of -20 in the net balance remains consistent with reductions in the levels of new starts. Private commercial and industrial workloads dropped sharply over the fourth quarter and although infrastructure remained a little more resilient, workloads in this area still declined at the fastest pace in the survey's history. | ||
| 521 | 2 | _aAdvanced | |
| 590 | _aKA | ||
| 650 | 2 | 4 | _aRICS CONSTRUCTION MARKET SURVEY UNITED KINGDOM |
| 651 | 4 |
_aUnited Kingdom _y |
|
| 690 | _aBUILT ENVIRONMENT-CONSTRUCTION MARKET | ||
| 856 | 4 | 0 |
_uhttps://www.rics.org/site/scripts/download_info.aspx?downloadID=51&fileID=54 _zView the survey free of charge at www.rics.org... |
| 942 | _n0 | ||
| 999 |
_c109309 _d109309 |
||